| 000 | 00000nam##2200000za#4500 |
| 001 | 9.640516 |
| 003 | CaOODSP |
| 005 | 20220106095901 |
| 007 | cr ||||||||||| |
| 008 | 150407|2006||||xxc|||||o f|0| 0 fre|d |
| 040 | |aCaOODSP|bfre |
| 043 | |an-cn--- |
| 086 | 1 |aIu81-3/2-2006F-PDF |
| 110 | 2 |aConseil canadien des normes. |
| 245 | 10|aPrincipaux points à considérer dans l'élaboration et l'utilisation des normes dans les instruments législatifs : |h[ressource électronique]|bcomprendre le partenariat des systèmes de normes réglementaires et volontaires |
| 260 | |bConseil canadien des normes |cSeptembre 2006. |
| 300 | |a20p. |
| 500 | |a«L'utilisation des normes dans les règlements étaye un certain nombre de politiques et d'obligations gouvernementales, telles que l'Accord de libreéchange nord-américain, l'Accord sur les obstacles techniques au commerce de l'Organisation mondiale du commerce, les accords commerciaux interprovinciaux, etc.»--Page 3 de 20. |
| 590 | |a12-31-Supp|b2012-07-06 |
| 775 | 08|tKey considerations in the development and use of standards in legislative instruments : |w(CaOODSP)9.696341 |
| 856 | 40|ahttp://publications.gc.ca|qPDF|s709 Ko|uhttps://publications.gc.ca/collections/collection_2012/ccn-scc/Iu81-3-2-2006-fra.pdf |